000 01701nac a22002651u 4500
010 _a 2006272483
020 _a093852920x (pbk.)
035 _a(OCoLC)ocm57490069
082 0 0 _a658.4
090 _c4173
_d4173
100 _a20080729
245 0 0 _aSuccessful manager's handbook :
_bdevelop yourself, coach others /
_cSusan H. Gebelein ... [et al.].
250 _a6th ed.
260 _aMinneapolis, Minn. :
_bPersonnel Decisions International,
_cc1992.
300 _axvi, 760 p. :
_bill. ;
_c26 cm.
504 _aIncludes bibliographical references and index.
505 0 _aAnalyze issues -- Make sound decisions -- Act strategically -- Leverage innovation -- Employ financial acumen -- Manage globally -- Influence others -- Engage and inspire -- Build talent -- Coach and develop others -- Promote collaboration and teamwork -- Foster open communication -- Speak with impact -- Listen attentively -- Write effectively -- Establish relationships -- Manage conflict -- Increase cultural competence -- Focus on customers -- Manage execution -- Build realistic plans -- Manage and improve processes -- Manage change -- Show drive and initiative -- Lead courageously -- Establish trust -- Show adaptability -- Learn continuously.
650 0 _aOrganizational effectiveness.
650 0 _aManagement.
700 1 _aGebelein, Susan H.
710 2 _aPersonnel Decisions International.
856 4 1 _3Table of contents
_uhttp://www.loc.gov/catdir/toc/fy0605/2006272483.html
942 _cBB
_k658.4
999 _c4173
_d4173